| 000 | 01097nam0a22002771 4500 | ||
|---|---|---|---|
| 001 | rc\4468083 | ||
| 005 | 20250612092210.0 | ||
| 021 |
_aRU _b[67-43604] |
||
| 035 | _a(NLR Aleph) 008594790 | ||
| 090 |
_a8666354 _c8666354 |
||
| 100 | _a20130416d1967 |||y0rusy50 ca | ||
| 101 | 0 | _arus | |
| 102 | _aRU | ||
| 105 | _aa z ||||| | ||
| 200 | 1 |
_aЭволюция пищеварительной системы грызунов _e(Мышеобразные) _fАН СССР. Зоол. ин-т и Ин-т цитологии и генетики Сиб. отд-ния |
|
| 210 |
_aНовосибирск _cНаука. Сиб. отд-ние _d1967 |
||
| 215 |
_a239 с., 5 л. ил. _cил. _d26 |
||
| 320 | _aБиблиогр.: с. 221-226 | ||
| 320 | _aСистемат. указатель: с. 227-235 | ||
| 606 |
_aПищеварительные органы грызунов _xЭволюция _2psbo |
||
| 700 | 1 |
_aВоронцов _bН.Н. _f1934- _gНиколай Николаевич |
|
| 801 | 0 |
_aRU _bNLR _gpsbo |
|
| 801 | 1 |
_aRU _bELAR _2rusmarc |
|
| 852 |
_aNLR _j67-7/1158 |
||
| 942 | _cBOOK | ||
| 980 | _aNB | ||